000 00808nam a2200301Ia 4500
001 67082
003 IT-RoPAU
008 130308s9999 xx 000 0 und d
040 _aIT-RoPAU
040 _cIT-RoPAU
041 _aFRANCESE
100 _aDelaey Philippe
100 _gCodice Aut. SPICS: 23489
245 _aCinema et son role a l'armee (Le)
245 _bCinema Nei Problemi della Cultura (Il)
250 _a1a ed.
260 _aROMA
260 _bBianco E Nero
260 _c1951 [1° Ed.:1951 - Ed.Ling.Originale:1950]
300 _a"6 p. (prefazione: no ; testo: 6 [pagine: 110-115])"
500 _aCinema e suo ruolo nelle forze Armate
650 _aSAGGI SUL CINEMA
650 _eCodice materia Spics: 6811
942 _cBK
957 _71
999 _c55041
_d55041
999 _bSI
999 _g1